| 000 | 00864nam a22002177a 4500 | ||
|---|---|---|---|
| 999 |
_c1203 _d1203 |
||
| 003 | AR-CdUCM | ||
| 008 | 190226b ||||| |||| 00| 0 spa d | ||
| 040 |
_aMUNICIPALIDAD PROVINCIAL DEL CUSCO _cBIBLIOTECA MUNICIPAL DEL CUSCO |
||
| 082 |
_a312.9 / _bG71 |
||
| 100 |
_aTafur Gonzales, Oswaldo B. _94703 |
||
| 245 |
_aPeru: _bPoblacion y Agricultura / _cTafur Gonzales, Oswaldo B. |
||
| 260 |
_aBuenos Aires - Argentina: _bLibreria Internacional del Peru S.A , _c1952. |
||
| 300 |
_a288 paginas : _c25 cm. |
||
| 505 | _aProblematica de la Industria Alimentaria del Peru -- Peru Agropecuario Actual -- Finalidad Agropecuaria... | ||
| 650 |
_aPeru Agropecuario. _94704 |
||
| 650 |
_aIndustria Agropecuaria. _94705 |
||
| 650 |
_aIndustria Peruana Agropecuaria. _94706 |
||
| 700 |
_aTafur Gonzales, Oswaldo B. _94703 |
||
| 942 |
_2ddc _cLIBROS |
||
| 945 |
_artm _d2019-02-26 |
||